000 00787nam a2200253 a 4500
001 BRCA_5425
005 20190320205055.0
008 131210s1921----gw-a######---#000-0#ger-#
041 _ager
044 _agw
050 4 _aND635
_b.F75 1921
100 1 _aFriedländer, Max J.
_97466
245 1 0 _aVon Eyck Bis Bruegel
_bStudien zur Geschichte der niederlandischen Malerei.
_cvon Max J. Friedländer.
260 _aBerlín
_bJulius Bard
_c1921
300 _a203 p.
_bil., 32 láminas
_c26 cm.
500 _aIncluye índice de ilustracionese índice de pinturas
500 _aE142
650 1 4 _aPintores holandeses
_913857
650 1 4 _aPintores flamencos
_97571
650 1 4 _aPinturas
_zPaíses Bajos
_913858
650 1 4 _aPintura
_xHistoria
_913859
902 _aGFM
942 _2lcc
_cB
999 _c5119
_d5119